LEADER 01339nam0 2200337 450 001 000022014 005 20090429092718.0 100 $a20080723d1927----km-y0itaa50------ba 101 0 $aita 102 $aIT 200 1 $aCortigiane e buffoni di Roma$estudio dei costumi romani del 16. secolo$fE. Rodocanachi$gtraduzioni di Nino Della Casa 210 $aMilano$cPervinca$dc 1927 215 $a155 p.$d18 cm 225 2 $aStorie galanti e romanzesche 300 $aIn cop. e in testa al front. firma autografa: Sergio de Pilato, nov. '927 410 0$12001$aStorie galanti e romanzesche 606 1 $aCortigiane$yRoma$zSec. 16.$xVita sociale 607 $aRoma$xVita sociale$zSec. 16. 676 $a392.6$v(21. ed.)$9Usi e costumi relativi alle relazioni tra i sessi 700 1$aRodocanachi,$bEmmanuel Pierre$0443810 702 1$aDella Casa,$bNino 801 0$aIT$bUniversità della Basilicata - B.I.A.$gRICA$2unimarc 912 $a000022014 996 $aCortigiane e buffoni di Roma$988199 997 $aUNIBAS BAS $aLETTERE CAT $aSTD064$b01$c20080723$lBAS01$h1634 CAT $aTTM$b30$c20090429$lBAS01$h0923 CAT $aTTM$b30$c20090429$lBAS01$h0927 FMT Z30 -1$lBAS01$LBAS01$mBOOK$1BASA1$APolo Storico-Umanistico$2FDEP2$BFondo De Pilato Biscione$3FD/108051$6108051$5L108051$820090429$f52$FRari LEADER 01011nas 2200385 c 450 001 9910894550003321 005 20260218112827.0 035 $a(CKB)3790000000115122 035 $a(OCoLC)730030830 035 $a(DE-101)1011900165 035 $a(DE-599)ZDB2609410-1 035 $a(DE-599)2609410-1 035 $a(EXLCZ)993790000000115122 100 $a20110517a20089999 |y | 101 0 $ager 135 $aur||||||||||| 181 $ctxt$2rdacontent 182 $cc$2rdamedia 183 $acr$2rdacarrier 200 10$aBulletin der Heinrich-Barth-Gesellschaft 210 31$aBasel$cHeinrich-Barth-Ges.$d2008- 215 $aOnline-Ressource 311 08$a1661-0415 608 $aZeitschrift$2gnd-content 676 $a050 676 $a100 686 $a5,1$2ssgn 686 $aPHILOS$qDE-12$2fid 801 0$b0029 801 1$bDE-101 801 2$b0012 906 $aJOURNAL 912 $a9910894550003321 996 $aBulletin der Heinrich-Barth-Gesellschaft$94260918 997 $aUNINA